Early Christian and Byzantine art

Αποθηκεύτηκε σε:
Λεπτομέρειες βιβλιογραφικής εγγραφής
Κύριος συγγραφέας: Lowden, John
Μορφή: Βιβλίο
Γλώσσα:English
Δημοσίευση: London : Phaidon, c1997
Σειρά:Art & ideas
Θέματα:
Ετικέτες: Προσθήκη ετικέτας
Δεν υπάρχουν, Καταχωρήστε ετικέτα πρώτοι!

MARC

LEADER 00000nam a2200000 i 4500
001 1/65346
008 990111s1997 eng d
020 |a 0-7148-3168-9 
035 |l 10047119 
040 |a GR-MY-UA  |b gre  |e aacr 
041 0 |a eng 
082 0 |a 709.0212 
100 1 |a Lowden, John. 
245 1 0 |a Early Christian and Byzantine art /  |c John Lowden 
260 |a London :   |b Phaidon,   |c c1997 
300 |a 447 p.  |b ill. 
490 1 |a Art & ideas 
504 |a Includes bibliographical references and index 
650 0 0 |a Art, Early Christian. 
650 0 0 |a Art, Byzantine. 
830 0 |a Art & ideas 
852 |a INST  |b LESVOS  |e 19990111  |h 709.0212 LOW  |p 005100018563  |q 005100018563  |t BK  |y 0 
901 |a BIBL-1998-3 
909 |a Λ  |b 062645 
922 |a 1ΕΛΗ  |b 199812  |c ΚΠΣ/ΠΑΠΑΜΑΣΤΟΡΑΚΗΣ  |d LEADER 
950 |a 147-1998-12-03